000 00280pab a2200121 454500
008 180718b xxu||||| |||| 00| 0 eng d
100 _aShafi, Sayed S
245 _aStrategy to decongest Delhi
650 _a Delhi
650 _aCities and Towns
773 _aPatriot
909 _a21628
999 _c21628
_d21628